Iguanodon / (Record no. 9929)

MARC details
000 -LEADER
fixed length control field 00952nam a22002897a 4500
001 - CONTROL NUMBER
control field 9929
003 - CONTROL NUMBER IDENTIFIER
control field FISKH
005 - DATE AND TIME OF LATEST TRANSACTION
control field 20260317104849.0
008 - FIXED-LENGTH DATA ELEMENTS--GENERAL INFORMATION
fixed length control field 260317b cb ||||| |||| 00| 0 eng d
020 ## - INTERNATIONAL STANDARD BOOK NUMBER
International Standard Book Number 9780736856881
040 ## - CATALOGING SOURCE
Original cataloging agency FISKH
Language of cataloging eng
Transcribing agency FISKH
Modifying agency FISKH
050 ## - LIBRARY OF CONGRESS CALL NUMBER
Classification number QE862 .O65 .C614
082 ## - DEWEY DECIMAL CLASSIFICATION NUMBER
Classification number 567.914
100 ## - MAIN ENTRY--PERSONAL NAME
Personal name Cohen , Daniel
245 ## - TITLE STATEMENT
Title Iguanodon /
Statement of responsibility, etc. by Daniel Cohen
260 ## - PUBLICATION, DISTRIBUTION, ETC.
Place of publication, distribution, etc. Mankato , Minnesota :
Name of publisher, distributor, etc. Bridgestone Books ,
Date of publication, distribution, etc. 2003 .
300 ## - PHYSICAL DESCRIPTION
Extent 24 pages :
Other physical details color illustrations ;
Dimensions 20 X 20 cm .
490 ## - SERIES STATEMENT
Series statement The Bridgestone Science Library: Discovering Dinosaurs
505 ## - FORMATTED CONTENTS NOTE
Formatted contents note H <br/>
520 ## - SUMMARY, ETC.
Summary, etc. Describes what is known of the physical characteristics, behavior, and habitat of this plant-eating dinosaur.<br/>
521 8# - TARGET AUDIENCE NOTE
Target audience note 450 <br/>
Source Lexile estimate <br/>
521 8# - TARGET AUDIENCE NOTE
Target audience note H <br/>
Source Raz-Plus <br/>
650 ## - SUBJECT ADDED ENTRY--TOPICAL TERM
Topical term or geographic name entry element Iguanodon
Form subdivision Juvenile Literature
700 ## - ADDED ENTRY--PERSONAL NAME
Personal name Breithaupt , Brent
Relator term Consultant
942 ## - ADDED ENTRY ELEMENTS (KOHA)
Source of classification or shelving scheme Dewey Decimal Classification
Koha item type Books
Suppress in OPAC No
Holdings
Withdrawn status Lost status Source of classification or shelving scheme Damaged status Not for loan Collection Home library Current library Shelving location Date acquired Total Checkouts Full call number Barcode Date last seen Price effective from Koha item type
    Library of Congress Classification     Non-Fiction Footprints International School Library Network Toul Tom Poung Campus Footprints International School Library Network Toul Tom Poung Campus TTP Primary Dark Blue Bookshelves 03/17/2026   COH 567.914 QE862 .O65 .C614 FISTK01509 03/17/2026 03/17/2026 Books